Élelmiszervizsgálati adatok gépi feldolgozása és hasznosítása a minőségszabályozáshoz

Die rechnergestützte Datenverarbeitung beschleunigt den Informationsfluss über die Entwicklung der Qualität von Lebensmitteln, wodurch die Menge und Nutzbarkeit der zur Verfügung gestellten Qualitätsinformationen erhöht werden können. Der Verfasser berichtet über das entwickelte und gegenwärtig in U...

Teljes leírás

Elmentve itt :
Bibliográfiai részletek
Szerző: Molnár Pál
Dokumentumtípus: Cikk
Megjelent: Lapkiadó Vállalat Budapest 1982
Sorozat:Élelmiszervizsgálati közlemények 28 No. 6
Kulcsszavak:Élelmiszeripar - minőségszabályozás - számítógép alkalmazása, Minőségszabályozás - élelmiszeripari termékek - számítógép alkalmazása
Tárgyszavak:
Online Access:http://acta.bibl.u-szeged.hu/80965
LEADER 02421nab a2200265 i 4500
001 acta80965
005 20230905092637.0
008 230905s1982 hu o 0|| hun d
022 |a 0422-9576 
040 |a SZTE Egyetemi Kiadványok Repozitórium  |b hun 
041 |a hun 
041 |a eng 
041 |a ger 
041 |a rus 
100 1 |a Molnár Pál 
245 1 0 |a Élelmiszervizsgálati adatok gépi feldolgozása és hasznosítása a minőségszabályozáshoz  |h [elektronikus dokumentum] /  |c  Molnár Pál 
260 |a Lapkiadó Vállalat  |b Budapest  |c 1982 
300 |a 287-300 
490 0 |a Élelmiszervizsgálati közlemények  |v 28 No. 6 
520 3 |a Die rechnergestützte Datenverarbeitung beschleunigt den Informationsfluss über die Entwicklung der Qualität von Lebensmitteln, wodurch die Menge und Nutzbarkeit der zur Verfügung gestellten Qualitätsinformationen erhöht werden können. Der Verfasser berichtet über das entwickelte und gegenwärtig in Ungarn in der experimentellen Einführungsphase befindliche elektronische Datenverarbeitungsprogramm, das sich auf die Untersuchungsergebnisse der staatlichen Lebensmittelkontrollinstitute stützt. Mit der schrittweisen Verwirklichung kann erwartungsgemäss die Wirksamkeit der Massnahmen der Qualitätskontrolle der Lebensmittelindustrie vielseitig verbessert werden. Data processing by computers improves the flow of information concerning the development of the quality of foods and in this way both the number and the usefulness of the available information as regards the food quality can be improved. A report is given of the developed electronic program of data processing being in Hungary at present in the phase of its experimental introduction, This program is based upon the analytical data of the food control institutes of the government. By the stepwise realization it can be expected that the efficiency of the measures of the quality control of the food industry will be improved in a manifold way. 
650 4 |a Műszaki és technológiai tudományok 
650 4 |a Egyéb műszaki tudományok és technológiák 
650 4 |a Élelmiszer és italfélék 
695 |a Élelmiszeripar - minőségszabályozás - számítógép alkalmazása, Minőségszabályozás - élelmiszeripari termékek - számítógép alkalmazása 
856 4 0 |u http://acta.bibl.u-szeged.hu/80965/1/elelmiszervizsgalati_kozlemenyek_1982_06_287-300.pdf  |z Dokumentum-elérés